|
|
|
|
| LEADER |
00000Cam#a22000005a#4500 |
| 003 |
AR-RoUNA |
| 008 |
140529||||||||||||||||| |||| 0|||| d |
| 020 |
|
|
|a 8831756958
|
| 040 |
|
|
|a AR-RoUNA
|b spa
|
| 041 |
|
|
|a spa
|
| 080 |
|
|
|a 711.2(460.353)
|
| 092 |
|
|
|l N972
|
| 100 |
1 |
|
|a Nuñez Castain, Jose
|9 3638
|
| 110 |
|
|
|a Ayuntamiento de Sevilla. Gerencia Municipal de Urbanismo
|9 3639
|
| 245 |
|
|
|a Sevilla forma urbis :
|b la forma del centro histórico a escala 1:1000 en el fotoplano y ne el mapa /
|c José Núñez Castain ; Rosa Bonetta ; Licinio Ferretti
|
| 250 |
|
|
|a 1a. ed.
|
| 260 |
|
|
|a Sevilla (España) :
|b Marsilio,
|c 1992
|
| 300 |
|
|
|a 105 p. :
|b mapas
|b planos
|b plantas
|c 29x29 cm
|
| 653 |
|
|
|a Sevilla (España)
|
| 653 |
|
|
|a Atlas Sevillano
|
| 653 |
|
|
|a Expo'92
|
| 653 |
|
|
|a Plazas
|
| 653 |
|
|
|a Plaza Cristo De Burgos
|
| 653 |
|
|
|a España
|
| 653 |
|
|
|a Signos Convencionales
|
| 653 |
|
|
|a Historia Del Urbanismo
|
| 653 |
|
|
|a Revitalizacion Urbana
|
| 653 |
|
|
|a Paseo De Cristina
|
| 653 |
|
|
|a Fotogramas
|
| 653 |
|
|
|a 1865
|
| 653 |
|
|
|a Centros Historicos
|
| 653 |
|
|
|a Planos Demograficos
|
| 653 |
|
|
|a Monumentos
|
| 653 |
|
|
|a Cascos Urbanos
|
| 653 |
|
|
|a Intervencion Urbanistica
|
| 653 |
|
|
|a Conservaciones Urbanisticas
|
| 653 |
|
|
|a Cartografia
|
| 653 |
|
|
|a Urbanismo
|
| 653 |
|
|
|a Urbanismo Español
|
| 653 |
|
|
|a Ensanches Sevillanos
|
| 653 |
|
|
|a Nuevo Mundo
|
| 653 |
|
|
|a Quinto Centenario Viaje De Colon
|
| 653 |
|
|
|a Fotoplanos
|
| 653 |
|
|
|a Telecom
|
| 653 |
|
|
|a Archivo De Indias
|
| 653 |
|
|
|a Edificios Historicos
|
| 653 |
|
|
|a Urbanismo Sevillano
|
| 653 |
|
|
|a Patrimonio Sevillano
|
| 700 |
1 |
|
|9 3637
|a Ferretti, Licinio
|a Bonetta, Rosa
|
| 908 |
|
|
|a Imp
|
| 930 |
|
|
|e 6457
|
| 942 |
|
|
|2 udc
|c KIT
|
| 945 |
|
|
|a MEM
|
| 999 |
|
|
|c 1946
|d 1946
|